<?xml version="1.0" encoding="UTF-8"?>
<marc:record xmlns:marc="http://www.loc.gov/MARC21/slim" type="Bibliographic">
   <marc:leader>00000pam a2200000 c 4500</marc:leader>
   <marc:controlfield tag="001">971264627</marc:controlfield>
   <marc:controlfield tag="003">DE-101</marc:controlfield>
   <marc:controlfield tag="005">20171203162149.0</marc:controlfield>
   <marc:controlfield tag="007">tu</marc:controlfield>
   <marc:controlfield tag="008">040521s2004    au ||||| |||| 00||||ger  </marc:controlfield>
   <marc:datafield ind1=" " ind2=" " tag="015">
      <marc:subfield code="a">05,A01,1174</marc:subfield>
      <marc:subfield code="z">04,N25,1303</marc:subfield>
      <marc:subfield code="2">dnb</marc:subfield>
   </marc:datafield>
   <marc:datafield ind1="7" ind2=" " tag="016">
      <marc:subfield code="2">DE-101</marc:subfield>
      <marc:subfield code="a">971264627</marc:subfield>
   </marc:datafield>
   <marc:datafield ind1=" " ind2=" " tag="020">
      <marc:subfield code="a">9783853263600</marc:subfield>
      <marc:subfield code="c">Pp. : EUR 24.90 (DE), EUR 24.90 (AT), sfr 43.70</marc:subfield>
      <marc:subfield code="9">978-3-85326-360-0</marc:subfield>
   </marc:datafield>
   <marc:datafield ind1=" " ind2=" " tag="020">
      <marc:subfield code="a">3853263607</marc:subfield>
      <marc:subfield code="c">Pp. : EUR 24.90 (DE), EUR 24.90 (AT), sfr 43.70</marc:subfield>
      <marc:subfield code="9">3-85326-360-7</marc:subfield>
   </marc:datafield>
   <marc:datafield ind1="3" ind2=" " tag="024">
      <marc:subfield code="a">9783853263600</marc:subfield>
   </marc:datafield>
   <marc:datafield ind1=" " ind2=" " tag="035">
      <marc:subfield code="a">(DE-599)DNB971264627</marc:subfield>
   </marc:datafield>
   <marc:datafield ind1=" " ind2=" " tag="035">
      <marc:subfield code="a">(OCoLC)249754062</marc:subfield>
   </marc:datafield>
   <marc:datafield ind1=" " ind2=" " tag="040">
      <marc:subfield code="a">1145</marc:subfield>
      <marc:subfield code="b">ger</marc:subfield>
      <marc:subfield code="c">DE-101</marc:subfield>
      <marc:subfield code="d">9999</marc:subfield>
   </marc:datafield>
   <marc:datafield ind1=" " ind2=" " tag="041">
      <marc:subfield code="a">ger</marc:subfield>
   </marc:datafield>
   <marc:datafield ind1=" " ind2=" " tag="044">
      <marc:subfield code="c">XA-AT</marc:subfield>
   </marc:datafield>
   <marc:datafield ind1="7" ind2="4" tag="082">
      <marc:subfield code="a">630</marc:subfield>
      <marc:subfield code="q">DE-101</marc:subfield>
      <marc:subfield code="2">22sdnb</marc:subfield>
   </marc:datafield>
   <marc:datafield ind1=" " ind2=" " tag="090">
      <marc:subfield code="a">b</marc:subfield>
   </marc:datafield>
   <marc:datafield ind1="0" ind2="0" tag="245">
      <marc:subfield code="a">&#x98;Die&#x9c; Natur, das Wild und die Jagd</marc:subfield>
      <marc:subfield code="c">hrsg. von Hans Ströbitzer</marc:subfield>
   </marc:datafield>
   <marc:datafield ind1=" " ind2="1" tag="264">
      <marc:subfield code="a">St. Pölten</marc:subfield>
      <marc:subfield code="a">Wien</marc:subfield>
      <marc:subfield code="a">Linz</marc:subfield>
      <marc:subfield code="b">NP-Buchverl.</marc:subfield>
      <marc:subfield code="c">2004</marc:subfield>
   </marc:datafield>
   <marc:datafield ind1=" " ind2=" " tag="300">
      <marc:subfield code="a">174 S.</marc:subfield>
      <marc:subfield code="b">zahlr. Ill., Kt.</marc:subfield>
      <marc:subfield code="c">25 cm</marc:subfield>
   </marc:datafield>
   <marc:datafield ind1=" " ind2=" " tag="336">
      <marc:subfield code="a">Text</marc:subfield>
      <marc:subfield code="b">txt</marc:subfield>
      <marc:subfield code="2">rdacontent</marc:subfield>
   </marc:datafield>
   <marc:datafield ind1=" " ind2=" " tag="336">
      <marc:subfield code="a">unbewegtes Bild</marc:subfield>
      <marc:subfield code="b">sti</marc:subfield>
      <marc:subfield code="2">rdacontent</marc:subfield>
   </marc:datafield>
   <marc:datafield ind1=" " ind2=" " tag="337">
      <marc:subfield code="a">ohne Hilfsmittel zu benutzen</marc:subfield>
      <marc:subfield code="b">n</marc:subfield>
      <marc:subfield code="2">rdamedia</marc:subfield>
   </marc:datafield>
   <marc:datafield ind1=" " ind2=" " tag="338">
      <marc:subfield code="a">Band</marc:subfield>
      <marc:subfield code="b">nc</marc:subfield>
      <marc:subfield code="2">rdacarrier</marc:subfield>
   </marc:datafield>
   <marc:datafield ind1="0" ind2=" " tag="490">
      <marc:subfield code="a">Edition NÖN</marc:subfield>
   </marc:datafield>
   <marc:datafield ind1=" " ind2="7" tag="648">
      <marc:subfield code="a">Geschichte</marc:subfield>
      <marc:subfield code="2">gnd</marc:subfield>
   </marc:datafield>
   <marc:datafield ind1=" " ind2="7" tag="650">
      <marc:subfield code="0">(DE-588)4027955-8</marc:subfield>
      <marc:subfield code="0">http://d-nb.info/gnd/4027955-8</marc:subfield>
      <marc:subfield code="0">(DE-101)040279553</marc:subfield>
      <marc:subfield code="a">Jagd</marc:subfield>
      <marc:subfield code="2">gnd</marc:subfield>
   </marc:datafield>
   <marc:datafield ind1=" " ind2="7" tag="650">
      <marc:subfield code="0">(DE-588)4041389-5</marc:subfield>
      <marc:subfield code="0">http://d-nb.info/gnd/4041389-5</marc:subfield>
      <marc:subfield code="0">(DE-101)040413896</marc:subfield>
      <marc:subfield code="a">Naturlandschaft</marc:subfield>
      <marc:subfield code="2">gnd</marc:subfield>
   </marc:datafield>
   <marc:datafield ind1=" " ind2="7" tag="650">
      <marc:subfield code="0">(DE-588)4115348-0</marc:subfield>
      <marc:subfield code="0">http://d-nb.info/gnd/4115348-0</marc:subfield>
      <marc:subfield code="0">(DE-101)041153480</marc:subfield>
      <marc:subfield code="a">Naturschutz</marc:subfield>
      <marc:subfield code="2">gnd</marc:subfield>
   </marc:datafield>
   <marc:datafield ind1=" " ind2="7" tag="651">
      <marc:subfield code="0">(DE-588)4043271-3</marc:subfield>
      <marc:subfield code="0">http://d-nb.info/gnd/4043271-3</marc:subfield>
      <marc:subfield code="0">(DE-101)040432718</marc:subfield>
      <marc:subfield code="a">Österreich</marc:subfield>
      <marc:subfield code="2">gnd</marc:subfield>
   </marc:datafield>
   <marc:datafield ind1=" " ind2="7" tag="651">
      <marc:subfield code="0">(DE-588)4075391-8</marc:subfield>
      <marc:subfield code="0">http://d-nb.info/gnd/4075391-8</marc:subfield>
      <marc:subfield code="0">(DE-101)040753913</marc:subfield>
      <marc:subfield code="a">Niederösterreich</marc:subfield>
      <marc:subfield code="2">gnd</marc:subfield>
   </marc:datafield>
   <marc:datafield ind1=" " ind2=" " tag="653">
      <marc:subfield code="a">(VLB-FS)Jagd /Bildband</marc:subfield>
   </marc:datafield>
   <marc:datafield ind1=" " ind2=" " tag="653">
      <marc:subfield code="a">(VLB-FS)Niederösterreich</marc:subfield>
   </marc:datafield>
   <marc:datafield ind1=" " ind2=" " tag="653">
      <marc:subfield code="a">(VLB-PF)BB: Gebunden</marc:subfield>
   </marc:datafield>
   <marc:datafield ind1=" " ind2=" " tag="653">
      <marc:subfield code="a">(VLB-WI)1: Hardcover, Softcover, Karte</marc:subfield>
   </marc:datafield>
   <marc:datafield ind1=" " ind2=" " tag="653">
      <marc:subfield code="a">(VLB-WG)428: Hobby, Freizeit, Natur / Tiere, Jagen, Angeln</marc:subfield>
   </marc:datafield>
   <marc:datafield ind1=" " ind2="7" tag="655">
      <marc:subfield code="0">(DE-588)4143413-4</marc:subfield>
      <marc:subfield code="0">http://d-nb.info/gnd/4143413-4</marc:subfield>
      <marc:subfield code="0">(DE-101)041434137</marc:subfield>
      <marc:subfield code="a">Aufsatzsammlung</marc:subfield>
      <marc:subfield code="2">gnd-content</marc:subfield>
   </marc:datafield>
   <marc:datafield ind1=" " ind2="7" tag="655">
      <marc:subfield code="a">Aufsatzsammlung</marc:subfield>
      <marc:subfield code="2">gnd</marc:subfield>
   </marc:datafield>
   <marc:datafield ind1=" " ind2="7" tag="655">
      <marc:subfield code="a">Aufsatzsammlung</marc:subfield>
      <marc:subfield code="2">gnd</marc:subfield>
   </marc:datafield>
   <marc:datafield ind1="0" ind2="0" tag="689">
      <marc:subfield code="0">(DE-588)4043271-3</marc:subfield>
      <marc:subfield code="0">http://d-nb.info/gnd/4043271-3</marc:subfield>
      <marc:subfield code="0">(DE-101)040432718</marc:subfield>
      <marc:subfield code="D">g</marc:subfield>
      <marc:subfield code="a">Österreich</marc:subfield>
   </marc:datafield>
   <marc:datafield ind1="0" ind2="1" tag="689">
      <marc:subfield code="0">(DE-588)4027955-8</marc:subfield>
      <marc:subfield code="0">http://d-nb.info/gnd/4027955-8</marc:subfield>
      <marc:subfield code="0">(DE-101)040279553</marc:subfield>
      <marc:subfield code="D">s</marc:subfield>
      <marc:subfield code="a">Jagd</marc:subfield>
   </marc:datafield>
   <marc:datafield ind1="0" ind2="2" tag="689">
      <marc:subfield code="A">z</marc:subfield>
      <marc:subfield code="a">Geschichte</marc:subfield>
   </marc:datafield>
   <marc:datafield ind1="0" ind2="3" tag="689">
      <marc:subfield code="A">f</marc:subfield>
      <marc:subfield code="a">Aufsatzsammlung</marc:subfield>
   </marc:datafield>
   <marc:datafield ind1="0" ind2=" " tag="689">
      <marc:subfield code="5">DE-101</marc:subfield>
      <marc:subfield code="5">DE-101</marc:subfield>
   </marc:datafield>
   <marc:datafield ind1="1" ind2="0" tag="689">
      <marc:subfield code="0">(DE-588)4075391-8</marc:subfield>
      <marc:subfield code="0">http://d-nb.info/gnd/4075391-8</marc:subfield>
      <marc:subfield code="0">(DE-101)040753913</marc:subfield>
      <marc:subfield code="D">g</marc:subfield>
      <marc:subfield code="a">Niederösterreich</marc:subfield>
   </marc:datafield>
   <marc:datafield ind1="1" ind2="1" tag="689">
      <marc:subfield code="0">(DE-588)4041389-5</marc:subfield>
      <marc:subfield code="0">http://d-nb.info/gnd/4041389-5</marc:subfield>
      <marc:subfield code="0">(DE-101)040413896</marc:subfield>
      <marc:subfield code="D">s</marc:subfield>
      <marc:subfield code="a">Naturlandschaft</marc:subfield>
   </marc:datafield>
   <marc:datafield ind1="1" ind2="2" tag="689">
      <marc:subfield code="0">(DE-588)4115348-0</marc:subfield>
      <marc:subfield code="0">http://d-nb.info/gnd/4115348-0</marc:subfield>
      <marc:subfield code="0">(DE-101)041153480</marc:subfield>
      <marc:subfield code="D">s</marc:subfield>
      <marc:subfield code="a">Naturschutz</marc:subfield>
   </marc:datafield>
   <marc:datafield ind1="1" ind2="3" tag="689">
      <marc:subfield code="A">f</marc:subfield>
      <marc:subfield code="a">Aufsatzsammlung</marc:subfield>
   </marc:datafield>
   <marc:datafield ind1="1" ind2=" " tag="689">
      <marc:subfield code="5">DE-101</marc:subfield>
      <marc:subfield code="5">DE-101</marc:subfield>
   </marc:datafield>
   <marc:datafield ind1="1" ind2=" " tag="700">
      <marc:subfield code="0">(DE-588)11544520X</marc:subfield>
      <marc:subfield code="0">http://d-nb.info/gnd/11544520X</marc:subfield>
      <marc:subfield code="0">(DE-101)11544520X</marc:subfield>
      <marc:subfield code="a">Ströbitzer, Hans</marc:subfield>
      <marc:subfield code="d">1930-2017</marc:subfield>
      <marc:subfield code="e">Herausgeber</marc:subfield>
      <marc:subfield code="4">edt</marc:subfield>
   </marc:datafield>
   <marc:datafield ind1=" " ind2=" " tag="850">
      <marc:subfield code="a">DE-101a</marc:subfield>
   </marc:datafield>
   <marc:datafield ind1="4" ind2="2" tag="856">
      <marc:subfield code="m">V:DE-601</marc:subfield>
      <marc:subfield code="q">application/pdf</marc:subfield>
      <marc:subfield code="u">http://d-nb.info/971264627/04</marc:subfield>
      <marc:subfield code="3">Inhaltsverzeichnis</marc:subfield>
   </marc:datafield>
   <marc:datafield ind1="r" ind2=" " tag="925">
      <marc:subfield code="a">ra</marc:subfield>
   </marc:datafield>
</marc:record>
